[Event "Solina Mind Sports U14 op"]
[Site "Solina"]
[Date "2012.04.17"]
[Round "3"]
[White "Kubiak, Jakub"]
[Black "Zacharczuk, Jakub"]
[Result "1/2-1/2"]
[WhiteElo "1481"]
[BlackElo "1319"]
[PlyCount "107"]
[EventDate "2012.04.15"]
[EventType "swiss"]
[EventRounds "9"]
[EventCountry "POL"]
[SourceTitle "EXT 2014"]
[Source "ChessBase"]
[SourceDate "2013.11.20"]
[SourceVersion "1"]
[SourceVersionDate "2013.11.20"]
[SourceQuality "1"]

1. e4 Nf6 2. e5 Nd5 3. d4 d6 4. c4 Nb6 5. exd6 cxd6 6. Nc3 g6 7. Be3 Bg7 8. h3 0-0 9. Bd3 Nc6 10. Nf3 f5 11. Ne2 e5 12. dxe5 dxe5 13. c5 Nd7 14. Bc4+ Kh8 15. Ng5 Qa5+ 16. Kf1 Nd8 17. Nc3 f4 18. Bc1 Qxc5 19. b3 Nb6 20. Nge4 Qd4 21. Ba3 Re8 22. Nd6 Nxc4 23. bxc4 Re6 24. Ncb5 Qb6 25. Rb1 Qc6 26. Qd5 Rf6 27. Qxe5 Be6 28. Qe4 Qxe4 29. Nxe4 Bxc4+ 30. Kg1 Rb6 31. Ned6 Bxb5 32. Rxb5 Rxb5 33. Nxb5 Be5 34. Kh2 a6 35. Nd6 f3+ 36. g3 Bxd6 37. Bxd6 Nf7 38. Bf4 Re8 39. Be3 Rc8 40. Rc1 Rxc1 41. Bxc1 Kg7 42. g4 Ne5 43. Bb2 Kf6 44. Kg3 g5 45. h4 h6 46. hxg5+ hxg5 47. Bc1 b5 48. a3 a5 49. Bd2 a4 50. Bb4 Nd3 51. Bc3+ Ne5 52. Bb4 Nd3 53. Bc3+ Ne5 54. Bb4 1/2-1/2